[Event "Titled Tue 3rd Jan Late"]
[Site "chess.com INT"]
[Date "2025.06.03"]
[Round "5"]
[White "Hoeffer, David"]
[Black "Povshednyi, Ivan"]
[Result "0-1"]
[WhiteTitle "FM"]
[BlackTitle "FM"]
[WhiteElo "2295"]
[BlackElo "2320"]
[WhiteFideId "24606766"]
[BlackFideId "14190907"]
[EventDate "2025.06.03"]

1. Nc3 c5 2. Nf3 Nc6 3. d4 cxd4 4. Nxd4 Nf6 5. Bg5 d6 6. g3 Qb6 7. Bxf6 gxf6 8.
Nb3 e6 9. Bg2 f5 10. O-O d5 11. e3 Bg7 12. Qd2 O-O 13. Rfd1 Ne5 14. Nd4 Nc4 15.
Qe1 Bd7 16. b3 Nd6 17. Qe2 Rac8 18. Nb1 Nb5 19. c3 Nxc3 20. Nxc3 Rxc3 21. Rac1
Rfc8 22. Rxc3 Rxc3 23. g4 fxg4 24. Qxg4 Qc7 25. Qg5 Rc1 26. Rxc1 Qxc1+ 27. Bf1
Qc7 28. h4 Be8 29. Bd3 h6 30. Qg4 Qe5 31. a4 a6 32. Kg2 Kf8 33. Nf3 Qc3 34. Bh7
Qxb3 35. Qf4 Qb6 36. a5 Qd8 37. Qb4+ Qe7 38. Qb6 f5 39. Nd2 Bf6 40. Nb3 Qxh7 41.
Qxe6 Qg8+ 42. Qxg8+ Kxg8 43. Nc5 Bc6 44. Kf3 Bd8 45. Kf4 Bxa5 46. Kxf5 Bb6 47.
Ne6 Bd7 48. Kf6 Bxe6 49. Kxe6 d4 0-1

[Event "Titled Tue 3rd Jan Late"]
[Site "chess.com INT"]
[Date "2025.06.03"]
[Round "5"]
[White "Danila, Tudor-Gabriel"]
[Black "Tristan, Leonardo"]
[Result "1-0"]
[WhiteTitle "CM"]
[BlackTitle "GM"]
[WhiteElo "2178"]
[BlackElo "2536"]
[WhiteFideId "1274244"]
[BlackFideId "113816"]
[EventDate "2025.06.03"]

1. e4 d5 2. exd5 Qxd5 3. Nc3 Qa5 4. g3 Nf6 5. Bg2 e5 6. Nf3 Bd6 7. O-O O-O 8.
Re1 h6 9. d4 Nc6 10. dxe5 Nxe5 11. Nxe5 Bxe5 12. Bd2 Bg4 13. Qc1 Rae8 14. Bxb7
Qb6 15. Bg2 Bd4 16. Be3 Bxe3 17. fxe3 Re5 18. Kh1 Rfe8 19. e4 Rh5 20. Qf4 Qxb2
21. Nd5 Nxd5 22. exd5 Rhe5 23. Reb1 Qxa1 24. Rxa1 Re1+ 25. Rxe1 Rxe1+ 26. Bf1
Bh3 27. Kg1 a5 28. Qf2 Ra1 29. Qe2 Rxf1+ 30. Qxf1 Bxf1 31. Kxf1 Kf8 32. Ke2 Ke7
33. Kd3 Kd6 34. Kd4 f5 35. c4 c5+ 36. dxc6 Kxc6 37. Ke5 Kc5 38. Kxf5 Kxc4 39.
Kg6 Kc3 40. Kxg7 Kb2 41. Kxh6 Kxa2 42. g4 a4 43. g5 a3 44. g6 Kb1 45. g7 a2 46.
g8=Q a1=Q 47. Qg1+ Kc2 48. Qxa1 1-0

[Event "Titled Tue 3rd Jan Late"]
[Site "chess.com INT"]
[Date "2025.06.03"]
[Round "5"]
[White "Alazmi, Amani"]
[Black "Ambrogi, Agustin"]
[Result "0-1"]
[WhiteTitle "WCM"]
[BlackTitle "FM"]
[WhiteElo "1725"]
[BlackElo "2237"]
[WhiteFideId "10303553"]
[BlackFideId "170933"]
[EventDate "2025.06.03"]

1. c4 e5 2. g3 d6 3. Bg2 c5 4. Nc3 g6 5. e3 Bg7 6. Nge2 Ne7 7. O-O Nbc6 8. d4
exd4 9. exd4 cxd4 10. Nb5 O-O 11. Nbxd4 Bg4 12. h3 Nxd4 13. hxg4 Nec6 14. Nxd4
Nxd4 15. Bxb7 Rb8 16. Bg2 Qf6 17. Be3 Rxb2 18. Rb1 Ne2+ 19. Kh2 Nc3 20. Qd3 Nxb1
21. Rxb1 Rxa2 22. g5 Qf5 23. Be4 Rxf2+ 24. Bxf2 Qxf2+ 25. Bg2 Be5 26. Rf1 Qd4
27. Qxd4 Bxd4 28. Rd1 Be5 29. Rd5 Rc8 30. Ra5 Bd4 31. Rd5 Bc5 32. Bh3 Rb8 33.
Rd2 a5 34. Rc2 a4 35. Bg2 a3 36. Be4 Rb2 37. Rxb2 axb2 38. Kg2 Be3 39. Kf3 Bxg5
40. Kg4 Bf6 41. Kf3 Be5 42. Bd3 f5 43. g4 fxg4+ 44. Kxg4 Kg7 45. Kg5 Bf6+ 46.
Kg4 h5+ 47. Kh3 g5 48. Kg2 g4 49. Kg3 Bg5 50. Be4 Kf6 51. Bh7 Bd2 52. Bd3 Kg5
53. Kg2 h4 54. c5 dxc5 55. Kf1 h3 56. Kf2 Kf4 57. Kg1 g3 58. Bf1 b1=Q 0-1

[Event "Titled Tue 3rd Jan Late"]
[Site "chess.com INT"]
[Date "2025.06.03"]
[Round "5"]
[White "Fedoryshyn, Ievgenii"]
[Black "Sobek, Jaroslav"]
[Result "1-0"]
[WhiteTitle "FM"]
[BlackTitle "FM"]
[WhiteElo "2278"]
[BlackElo "2195"]
[WhiteFideId "26095467"]
[BlackFideId "301388"]
[EventDate "2025.06.03"]

1. e4 c5 2. Nf3 a6 3. a4 Nc6 4. Bc4 e6 5. O-O Nge7 6. Nc3 g6 7. d4 cxd4 8. Nxd4
Bg7 9. Be3 O-O 10. Nde2 Ne5 11. Bb3 b6 12. a5 b5 13. Bb6 Qe8 14. f4 N5c6 15. e5
Bb7 16. Ne4 Nc8 17. Nc5 Nxb6 18. axb6 Qd8 19. Kh1 Qxb6 20. Nxd7 Qc7 21. Nxf8
Bxf8 22. Nc3 Na5 23. Ba2 b4 24. Ne2 Qc6 25. Bd5 Qxd5 26. Qxd5 Bxd5 27. Rxa5 Bc4
28. Re1 Rd8 29. h3 Rd2 30. Ng3 Rxc2 31. Ne4 Bb5 32. Nf6+ Kg7 33. b3 Be7 34. Rd1
Bxf6 35. exf6+ Kxf6 36. Rd4 Rc1+ 37. Kh2 Rc2 38. Rxb4 h5 39. h4 Rd2 40. Raxb5
axb5 41. Rxb5 Rb2 42. b4 Rb3 43. g3 Rb2+ 44. Kh3 Kg7 45. Rb7 1-0

[Event "Titled Tue 3rd Jan Late"]
[Site "chess.com INT"]
[Date "2025.06.03"]
[Round "5"]
[White "Gyurjinyan, Valter"]
[Black "Harvey, Marcus R"]
[Result "0-1"]
[WhiteTitle "CM"]
[BlackTitle "IM"]
[WhiteElo "2208"]
[BlackElo "2447"]
[WhiteFideId "13318179"]
[BlackFideId "400092"]
[EventDate "2025.06.03"]

1. e4 e6 2. d3 c5 3. Nf3 Nc6 4. g3 d6 5. Bg2 g6 6. O-O Bg7 7. c3 Nge7 8. d4 O-O
9. Be3 cxd4 10. cxd4 h6 11. Nc3 d5 12. e5 Nf5 13. Qd2 a6 14. Rac1 Nxe3 15. Qxe3
Bd7 16. b3 b6 17. h4 Rc8 18. h5 g5 19. Nh2 Ne7 20. Ng4 Nf5 21. Qd3 b5 22. Bh3 b4
23. Na4 Bb5 24. Qd2 Bxf1 25. Rxf1 Qe7 26. Ne3 Nxe3 27. Qxe3 Rc2 28. Nc5 Rc8 29.
f4 gxf4 30. Rxf4 a5 31. Rg4 Kh8 32. Bf1 R8xc5 33. dxc5 Qxc5 34. Qxc5 Rxc5 35.
Rf4 Kg8 36. Rg4 Kf8 37. Rf4 Bxe5 38. Rf3 Rc3 39. Bd3 Ke7 40. Kg2 f5 41. Re3 Kf6
42. Rf3 Kg5 43. Be2 Rxf3 44. Kxf3 Bd6 45. Bb5 e5 46. Bc6 e4+ 47. Kf2 d4 48. Bd7
d3 0-1

[Event "Titled Tue 3rd Jan Late"]
[Site "chess.com INT"]
[Date "2025.06.03"]
[Round "5"]
[White "Sairam, Pranav"]
[Black "Ugarte Soto, Cesar"]
[Result "1-0"]
[BlackTitle "CM"]
[WhiteElo "2015"]
[BlackElo "2088"]
[WhiteFideId "30951330"]
[BlackFideId "3601331"]
[EventDate "2025.06.03"]

1. e4 c5 2. Nf3 d6 3. d4 cxd4 4. Nxd4 Nf6 5. Nc3 g6 6. Be3 a6 7. Be2 h5 8. f3
Nbd7 9. a4 Qc7 10. Qd2 b6 11. O-O Bb7 12. Rad1 Bg7 13. Nb3 Rc8 14. h3 Ne5 15.
Qd4 Ned7 16. f4 h4 17. f5 gxf5 18. Rxf5 Nc5 19. Nd2 Rg8 20. e5 dxe5 21. Qxh4 Rd8
22. Nf3 Rxd1+ 23. Bxd1 Qd7 24. Rg5 Nce4 25. Nxe5 Qd8 26. Bf3 Nxg5 27. Bxb7 Qc7
28. Bc6+ Kf8 29. Qxg5 Nh7 30. Qf5 Bxe5 31. Nd5 Qxc6 32. Qxe5 Qe6 33. Bh6+ Ke8
34. Qb8+ Kd7 35. Qc7+ Ke8 36. Qb8+ Kd7 37. Qb7+ Ke8 38. Nc7+ Kd7 39. Nxe6+ Kxe6
40. Qe4+ Kd7 41. Qxh7 Rg6 42. Qxf7 Re6 43. Qf5 Kd6 44. Qd3+ Kc6 45. Be3 Rd6 46.
Qc4+ Kd7 47. Qe4 b5 48. Qb7+ Ke6 49. axb5 Rd7 50. Qxa6+ Rd6 51. b6 Kd5 52. Qd3+
Kc6 53. Qc4+ Kb7 54. Qc7+ Ka6 55. Qa7+ Kb5 56. b7 Rb6 57. Qxb6+ 1-0

[Event "Titled Tue 3rd Jan Late"]
[Site "chess.com INT"]
[Date "2025.06.03"]
[Round "5"]
[White "Panarin, Mikhail"]
[Black "Baltabaev, Temirlan"]
[Result "1-0"]
[WhiteTitle "GM"]
[BlackTitle "FM"]
[WhiteElo "2562"]
[BlackElo "2295"]
[WhiteFideId "4153251"]
[BlackFideId "4112172"]
[EventDate "2025.06.03"]

1. e4 e5 2. Nf3 Nc6 3. Bb5 a6 4. Ba4 Nf6 5. O-O b5 6. Bb3 Bc5 7. c3 d6 8. d4 Bb6
9. h3 h6 10. Be3 O-O 11. Re1 Bb7 12. Nbd2 Re8 13. d5 Ne7 14. Bxb6 cxb6 15. Bc2
Nd7 16. Bd3 Rc8 17. Bf1 f5 18. c4 b4 19. a3 bxa3 20. Rxa3 a5 21. b4 axb4 22. Rb3
Nc5 23. Rxb4 Ba6 24. Qb1 fxe4 25. Nxe4 Nxe4 26. Rxe4 b5 27. cxb5 Bb7 28. Nd2 Kh8
29. Bc4 Bxd5 30. Rg4 Rf8 31. b6 Bxc4 32. Nxc4 Nc6 33. Rb2 Nd4 34. Ne3 Rb8 35. b7
Qf6 36. Qe4 Ne6 37. Rg6 Qf7 38. Qg4 Nd4 39. Rxd6 Rxb7 40. Rxb7 Qxb7 41. Rd7 Qb1+
42. Kh2 Qh7 43. Nc4 h5 44. Qg3 e4 45. Ne5 Re8 46. Nf7+ Kg8 47. Ng5 Qg6 48. Rxd4
e3 49. fxe3 Qf6 50. h4 Qf5 51. Qf4 Qg6 52. Re4 Rf8 53. Qe5 Rf5 54. Qxf5 Qxf5 55.
Re8+ Qf8 56. Rxf8+ Kxf8 57. Kg3 1-0

[Event "Titled Tue 3rd Jan Late"]
[Site "chess.com INT"]
[Date "2025.06.03"]
[Round "5"]
[White "Kobalia, Mikhail"]
[Black "Kleiman, Jake"]
[Result "0-1"]
[WhiteTitle "GM"]
[BlackTitle "IM"]
[WhiteElo "2538"]
[BlackElo "2399"]
[WhiteFideId "4119150"]
[BlackFideId "2020041"]
[EventDate "2025.06.03"]

1. Nf3 Nf6 2. e3 e6 3. b3 d5 4. Bb2 Be7 5. d4 a5 6. a3 O-O 7. Bd3 b6 8. Nbd2 c5
9. O-O a4 10. Ne5 axb3 11. cxb3 Ba6 12. Bxa6 Rxa6 13. a4 Nfd7 14. Ndf3 Nxe5 15.
Nxe5 Bd6 16. f4 Nd7 17. Rc1 Nf6 18. f5 Ra8 19. Qd3 Ne4 20. Qb5 Bxe5 21. dxe5 Qg5
22. Rf4 Qh5 23. Rcf1 Nd2 24. Re1 Ne4 25. fxe6 fxe6 26. Qxb6 Rxf4 27. exf4 Qg6
28. Bc1 h5 29. Rf1 Rf8 30. a5 h4 31. f5 Rxf5 32. Qd8+ Kf7 33. Qxh4 Rxf1+ 34.
Kxf1 Nc3 35. Qg3 Qf5+ 36. Qf4 Kg6 37. Qxf5+ Kxf5 38. a6 Nb5 39. Ke2 Kxe5 40. Kd3
Kd6 41. h4 e5 42. g4 e4+ 43. Ke3 Ke5 44. Ke2 d4 45. h5 e3 46. Kd3 Kf4 47. g5
Kxg5 48. Kc4 Nc7 49. a7 Kf4 50. Kd3 Kf3 51. Kc2 Ke2 0-1

[Event "Titled Tue 3rd Jan Late"]
[Site "chess.com INT"]
[Date "2025.06.03"]
[Round "5"]
[White "Przybylski, Bartosz"]
[Black "Flynn, Jacob"]
[Result "0-1"]
[WhiteTitle "CM"]
[BlackTitle "CM"]
[WhiteElo "2107"]
[BlackElo "2271"]
[WhiteFideId "21878323"]
[BlackFideId "2509393"]
[EventDate "2025.06.03"]

1. d4 d5 2. Nc3 Nf6 3. Bf4 a6 4. e3 e6 5. Qf3 Bb4 6. Ne2 b5 7. a3 Bd6 8. g4 Bb7
9. Rg1 O-O 10. Bxd6 cxd6 11. g5 Ne4 12. Nxe4 dxe4 13. Qh3 Nc6 14. Nf4 e5 15. Nh5
Kh8 16. Rg4 Bc8 17. O-O-O exd4 18. Bg2 d5 19. f3 dxe3 20. fxe4 e2 21. Re1 Ne5
22. Bf3 dxe4 23. Nf6 gxf6 24. Bxe4 Ng6 25. gxf6 Bxg4 26. Qxg4 Qxf6 27. Rxe2 Qf1+
28. Kd2 Rfd8+ 29. Bd3 Qf4+ 30. Qxf4 Nxf4 31. Re7 Kg7 32. b3 Rd6 33. Re3 Rad8 34.
Rf3 Nxd3 35. cxd3 f5 36. Kc3 Kf6 37. a4 bxa4 38. bxa4 Rd4 39. a5 Ra4 40. Rh3
Rxa5 41. Rxh7 Rc5+ 42. Kb4 Rcd5 43. Ra7 R8d6 44. Kc4 Rd4+ 45. Kc5 Rxd3 46. h4
R3d5+ 47. Kc4 Rd4+ 48. Kc3 Rxh4 49. Kb3 Rd3+ 50. Kc2 Rg3 51. Rxa6+ Kg5 52. Ra1
Rh2+ 53. Kb1 Rg1# 0-1

[Event "Titled Tue 3rd Jan Late"]
[Site "chess.com INT"]
[Date "2025.06.03"]
[Round "5"]
[White "Morris-Suzuki, Alan H"]
[Black "Ghafourian, Amir Ali"]
[Result "0-1"]
[BlackTitle "CM"]
[WhiteElo "1986"]
[BlackElo "2111"]
[WhiteFideId "30933218"]
[BlackFideId "12533831"]
[EventDate "2025.06.03"]

1. Nf3 d5 2. g3 Bg4 3. Bg2 Nd7 4. c4 e6 5. O-O Ngf6 6. cxd5 exd5 7. h3 Bh5 8. d3
Bc5 9. Qb3 Bb6 10. Nc3 Nc5 11. Qc2 c6 12. Bf4 O-O 13. Rad1 Ne6 14. Be5 Bxf3 15.
Bxf3 Nd4 16. Bxd4 Bxd4 17. e4 Qd7 18. Ne2 Bb6 19. e5 Qf5 20. exf6 Qxf3 21. fxg7
Rfe8 22. Nf4 Qxg3+ 23. Ng2 Qxh3 24. d4 Re4 25. Rd3 Qh5 26. Qc3 Rae8 27. a4 Rg4
28. a5 Qg6 29. Rg3 Bxd4 30. Rxg4 Qxg4 31. Qd3 Re6 32. Rd1 Rg6 33. Qf1 h5 34. Kh2
Be5+ 35. Kg1 h4 36. f3 Qg3 37. f4 h3 38. fxe5 Qxg2+ 39. Qxg2 Rxg2+ 40. Kh1 Rxb2
41. Rd3 Kxg7 42. Rxh3 Rb5 43. a6 bxa6 44. Rf3 d4 45. Rf6 d3 46. Rxc6 Rd5 0-1

[Event "Titled Tue 3rd Jan Late"]
[Site "chess.com INT"]
[Date "2025.06.03"]
[Round "5"]
[White "Amarasinghe, A A C B"]
[Black "Deichmann, Esteban Horacio"]
[Result "0-1"]
[WhiteTitle "CM"]
[WhiteElo "1949"]
[BlackElo "2085"]
[WhiteFideId "9901809"]
[BlackFideId "167410"]
[EventDate "2025.06.03"]

1. d4 c5 2. d5 d6 3. c4 e5 4. Nc3 f5 5. g3 g5 6. Bg2 h5 7. h4 g4 8. e4 Bh6 9.
exf5 Bxf5 10. Ne4 Nf6 11. Ng5 b5 12. Ne2 Qd7 13. Ne6 Ke7 14. cxb5 Qxb5 15. Nc3
Qd7 16. O-O Na6 17. f3 Raf8 18. Bxh6 Rxh6 19. fxg4 Nxg4 20. Qd2 Rg6 21. Ne4 Nb4
22. N4g5 Rgf6 23. a3 Nd3 24. Rxf5 Rxf5 25. Qxd3 Qb7 26. Rf1 Rxf1+ 27. Bxf1 Nf6
28. b3 Rg8 29. Bg2 Qb6 30. Kh2 Qa5 31. b4 cxb4 32. axb4 Qxb4 33. Qc2 Qb7 34. Qc6
Qxc6 35. dxc6 d5 36. Nc5 Kd6 37. Nb7+ Kxc6 38. Na5+ Kb5 39. Nb3 Kc4 40. Nd2+ Kd3
41. Ndf3 e4 42. Ne5+ Kd4 43. Nc6+ Kc5 44. Ne5 Ng4+ 45. Nxg4 hxg4 0-1

[Event "Titled Tue 3rd Jan Late"]
[Site "chess.com INT"]
[Date "2025.06.03"]
[Round "5"]
[White "Bogaudinov, Rushan"]
[Black "Montano Vicente, Guadalupe"]
[Result "1-0"]
[WhiteTitle "FM"]
[WhiteElo "1912"]
[BlackElo "1940"]
[WhiteFideId "4129288"]
[BlackFideId "5181399"]
[EventDate "2025.06.03"]

1. e4 c5 2. Nf3 d6 3. d4 cxd4 4. Nxd4 Nf6 5. Nc3 a6 6. h3 e5 7. Nde2 Be6 8. g4
Be7 9. Bg2 Nc6 10. Be3 Rc8 11. O-O O-O 12. Ng3 g6 13. Nd5 Bxd5 14. exd5 Nb8 15.
f4 exf4 16. Rxf4 Nbd7 17. Bd4 Ne5 18. c3 Nfd7 19. Rf1 Nc5 20. Qe2 Re8 21. Rad1
Bf8 22. b4 Ncd7 23. Ne4 Be7 24. Qf2 Rf8 25. g5 f5 26. gxf6 Nxf6 27. Qe2 Nxe4 28.
Qxe4 Bf6 29. Rf2 Bg7 30. Rdf1 Qe7 31. Rxf8+ Rxf8 32. Rxf8+ Kxf8 33. a4 b5 34.
axb5 axb5 35. Bf1 Qg5+ 36. Kh1 Qc1 37. Qe2 Nc4 38. Qf3+ Kg8 39. Bxg7 Kxg7 40.
Kh2 Qd2+ 41. Bg2 Ne3 42. Qe4 Nf1+ 43. Kg1 Ne3 44. Qe7+ Kh6 45. Qh4+ Kg7 46. Qe7+
Kh6 47. Qh4+ Kg7 48. Be4 Qd1+ 49. Kf2 Qd2+ 50. Kf3 1-0

[Event "Titled Tue 3rd Jan Late"]
[Site "chess.com INT"]
[Date "2025.06.03"]
[Round "5"]
[White "Schnaider, Ilan"]
[Black "Zieba, Hubert"]
[Result "0-1"]
[WhiteTitle "IM"]
[BlackTitle "CM"]
[WhiteElo "2388"]
[BlackElo "2233"]
[WhiteFideId "169013"]
[BlackFideId "21844704"]
[EventDate "2025.06.03"]

1. e4 c5 2. Nf3 Nc6 3. Bb5 e5 4. O-O Nge7 5. c3 g6 6. d4 exd4 7. cxd4 cxd4 8.
Bf4 Bg7 9. Bd6 O-O 10. Nbd2 a6 11. Bc4 b5 12. Bb3 Bb7 13. Re1 Na5 14. Bc2 Re8
15. e5 Nc8 16. Bc5 Nc6 17. Be4 d5 18. exd6 Nxd6 19. Bd5 Rxe1+ 20. Qxe1 Nf5 21.
Be4 Qd7 22. Qd1 Re8 23. Rc1 d3 24. Nf1 Bxb2 25. Rb1 Bg7 26. Bxd3 Rd8 27. Bc2
Qxd1 28. Bxd1 Na5 29. a4 Be4 30. Rc1 Bb2 31. Bb6 Bxc1 32. Bxd8 Nc6 33. Bb6 b4
34. N3d2 Bd5 35. Nb3 Bh6 36. g3 Bg7 37. Nfd2 Nfd4 38. Kf1 Nxb3 39. Nxb3 Bc3 40.
Ke2 Bc4+ 41. Ke3 f5 42. f4 Kf7 43. Nc5 Ne7 44. Kf2 Nd5 45. Ba7 Bd4+ 46. Ke1 Ke7
47. Bf3 b3 48. Kd2 b2 49. Kc2 Nb4+ 50. Kb1 Ba2# 0-1

[Event "Titled Tue 3rd Jan Late"]
[Site "chess.com INT"]
[Date "2025.06.03"]
[Round "5"]
[White "Garcia, Jhoel"]
[Black "Golizadeh, Asghar"]
[Result "1-0"]
[WhiteTitle "IM"]
[BlackTitle "GM"]
[WhiteElo "2304"]
[BlackElo "2457"]
[WhiteFideId "3801110"]
[BlackFideId "12505269"]
[EventDate "2025.06.03"]

1. e4 e5 2. Nf3 Nc6 3. Nc3 Nf6 4. d4 exd4 5. Nxd4 Nxe4 6. Nxe4 Qe7 7. Nb5 Qxe4+
8. Be2 Bb4+ 9. c3 Ba5 10. O-O O-O 11. Bd3 Qh4 12. Be3 a6 13. Na3 Ne5 14. b4 Ng4
15. Bf4 d6 16. bxa5 Bd7 17. Bg3 Qh6 18. Be2 Nf6 19. Bf3 c6 20. Nc4 d5 21. Nb6
Rad8 22. Bc7 Rde8 23. Qc1 Qg6 24. Bd6 Bg4 25. Qf4 Bxf3 26. Qxf3 Ne4 27. Bxf8 Nd2
28. Qg3 Nxf1 29. Qxg6 hxg6 30. Kxf1 Kxf8 31. Re1 Rd8 32. Ke2 Ke7 33. Kd3+ Kd6
34. Na4 Rh8 35. h3 Rh4 36. Nb2 Rf4 37. f3 f6 38. Re8 c5 39. Rg8 Kc6 40. Rxg7 g5
41. Rg6 Kb5 42. Kd2 Kxa5 43. Nd3 Rf5 44. Nxc5 b6 45. Nd3 Ka4 46. Ke3 d4+ 47.
cxd4 Ka3 48. g4 Rb5 49. Rxf6 Kxa2 50. Ne5 a5 51. Nc4 Rb3+ 52. Ke4 a4 53. Rxb6
Ka1 54. Rxb3 axb3 55. d5 Kb1 56. d6 Kc2 57. Kd4 b2 58. Nxb2 Kxb2 59. d7 1-0

[Event "Titled Tue 3rd Jan Late"]
[Site "chess.com INT"]
[Date "2025.06.03"]
[Round "5"]
[White "Ferreira, Vitor Hugo Vieira"]
[Black "Garcia Correa, Jose Ricardo"]
[Result "1-0"]
[BlackTitle "FM"]
[WhiteElo "2128"]
[BlackElo "2103"]
[WhiteFideId "2119765"]
[BlackFideId "5101832"]
[EventDate "2025.06.03"]

1. e4 e5 2. Nf3 Nc6 3. Bb5 a6 4. Ba4 Bc5 5. O-O b5 6. Bb3 Qf6 7. Nc3 Nge7 8. Nd5
Nxd5 9. exd5 Nd4 10. Nxe5 Nxb3 11. axb3 O-O 12. d4 Bb6 13. c3 d6 14. Nd3 Bb7 15.
Nb4 Qf5 16. Qf3 Qxf3 17. gxf3 Rfe8 18. Be3 f5 19. Rfe1 Kf7 20. Bf4 Kf6 21. h4 h6
22. h5 a5 23. Nc6 Bxc6 24. dxc6 a4 25. bxa4 Rxe1+ 26. Rxe1 Rxa4 27. Re8 Ra2 28.
Rb8 Ke6 29. Re8+ Kd5 30. Rg8 Rxb2 31. Rxg7 b4 32. cxb4 Bxd4 33. Rxc7 Rxf2 34.
Kh1 Rxf3 35. Bxh6 Rh3+ 36. Kg2 Rxh5 37. Bf8 Rh8 38. Rc8 Rg8+ 39. Kf3 Be5 40. b5
Kc5 41. Bxd6+ Bxd6 42. Rxg8 Kxb5 43. Rc8 Kb6 44. Ke3 Bc7 45. Rf8 f4+ 46. Ke4
Kxc6 47. Rf6+ Bd6 48. Kd4 Kd7 49. Kd5 Bc7 50. Rf7+ Kd8 51. Kc6 Be5 52. Rf5 Bc3
53. Rxf4 Ke7 54. Kd5 Kd7 55. Rf3 Ba5 56. Rf7+ Kc8 57. Kc6 Kb8 58. Rb7+ Ka8 59.
Rb1 Bd2 60. Kc7 Bf4+ 61. Kc8 Ka7 62. Rb4 Bd6 63. Rd4 Bc5 64. Rc4 Kb6 65. Kd7 Kb5
66. Re4 Bf2 67. Re5+ Kb6 68. Rf5 Bc5 69. Ke6 Kc6 70. Rf6 Kb5 71. Kd5 Bb6 72. Rg6
Be3 73. Rg3 Bc5 74. Rb3+ Bb4 75. Kd4 Ka4 76. Kc4 Be7 77. Rb7 Ka3 78. Rxe7 Kb2
79. Re3 1-0

[Event "Titled Tue 3rd Jan Late"]
[Site "chess.com INT"]
[Date "2025.06.03"]
[Round "5"]
[White "Panin, Mikhail"]
[Black "Ibarra Jerez, Jose Carlos"]
[Result "1-0"]
[WhiteTitle "CM"]
[BlackTitle "GM"]
[WhiteElo "2262"]
[BlackElo "2545"]
[WhiteFideId "34164992"]
[BlackFideId "2226332"]
[EventDate "2025.06.03"]

1. e4 c5 2. Nf3 Nc6 3. Bb5 e6 4. O-O Nd4 5. Nxd4 cxd4 6. c3 a6 7. Be2 Bc5 8. b4
Ba7 9. Na3 Ne7 10. Nc2 d5 11. exd5 Nxd5 12. c4 Nf6 13. d3 O-O 14. Bf3 e5 15. Re1
Re8 16. a4 Rb8 17. c5 a5 18. c6 bxc6 19. Bxc6 Re6 20. b5 Nd5 21. Ba3 Nc3 22. Qf3
Nxa4 23. Qg3 Qf6 24. Bc1 h6 25. Rxa4 Bb6 26. Na3 Bc7 27. Qf3 Qe7 28. Nc4 Rf6 29.
Qe2 Qc5 30. Ba3 Qa7 31. Be7 Re6 32. Bh4 e4 33. dxe4 Qc5 34. Qd3 g5 35. Bg3 Bxg3
36. hxg3 f5 37. Raa1 f4 38. gxf4 gxf4 39. Qf3 Rf6 40. Bd5+ Kh8 41. Ne5 Qe7 42.
Qh5 Qg7 43. Nf7+ Kh7 44. Ra3 Bg4 45. Qh4 f3 46. g3 d3 47. Rxd3 Rxb5 48. Ne5 a4
49. Nxg4 Rf8 50. Red1 Rb2 51. R3d2 Rxd2 52. Rxd2 a3 53. Kh2 Qc3 54. Qxh6# 1-0

[Event "Titled Tue 3rd Jan Late"]
[Site "chess.com INT"]
[Date "2025.06.03"]
[Round "5"]
[White "Arias Igual, Alejandro"]
[Black "Frempong-Smart Daniel"]
[Result "1/2-1/2"]
[WhiteTitle "FM"]
[BlackTitle "CM"]
[WhiteElo "2242"]
[BlackElo "1841"]
[WhiteFideId "2254905"]
[BlackFideId "12601659"]
[EventDate "2025.06.03"]

1. d4 Nf6 2. Bf4 d5 3. e3 e6 4. Nf3 c5 5. c3 Nc6 6. Nbd2 Bd6 7. Bg3 O-O 8. Bb5
Qc7 9. dxc5 Bxg3 10. hxg3 a5 11. Qc2 Ne7 12. g4 Ng6 13. g5 Nd7 14. b4 b6 15. c6
Nb8 16. Nd4 e5 17. Nf5 Bxf5 18. Qxf5 Nxc6 19. Qh3 Rfd8 20. Qxh7+ Kf8 21. O-O
axb4 22. cxb4 Nxb4 23. Rfc1 Qe7 24. a3 Na6 25. Qh5 Nc5 26. a4 e4 27. Qg4 Ne6 28.
Nb3 Qxg5 29. Qh3 Qh4 30. Qf5 Qg5 31. Qh3 Qh4 32. Qxh4 Nxh4 33. Rc6 Rab8 34. Rac1
Nf5 35. Ba6 g6 36. Rb1 Ne7 37. Rc2 Nf5 38. Rd1 Nd6 39. Rxd5 Nf5 40. Rxd8+ Rxd8
41. Rc8 Rxc8 42. Bxc8 Nc5 43. Nxc5 bxc5 44. Ba6 Nd6 45. Kf1 Ke7 46. Ke2 Kd7 47.
Kd2 Kc7 48. Kc3 Kb6 49. Be2 Ka5 50. Kb3 Nc8 51. Bc4 f6 52. Bf7 g5 53. Bd5 Nd6
54. Bc6 Kb6 55. Bd5 Ka5 56. Ba8 Kb6 57. Bd5 Ka5 1/2-1/2

[Event "Titled Tue 3rd Jan Late"]
[Site "chess.com INT"]
[Date "2025.06.03"]
[Round "5"]
[White "Moosavifar, Seyed Abolfazl"]
[Black "Fedorov, Artem Alek"]
[Result "1-0"]
[WhiteTitle "FM"]
[BlackTitle "CM"]
[WhiteElo "2303"]
[BlackElo "2198"]
[WhiteFideId "42548195"]
[BlackFideId "34418431"]
[EventDate "2025.06.03"]

1. e4 c5 2. Nf3 e6 3. c4 Nc6 4. Nc3 Nd4 5. Nxd4 cxd4 6. Ne2 e5 7. d3 Nf6 8. g3
Bb4+ 9. Bd2 Bxd2+ 10. Qxd2 d6 11. Bg2 Bd7 12. h3 b5 13. b3 a5 14. f4 a4 15. O-O
O-O 16. g4 Ra6 17. g5 Nh5 18. f5 g6 19. Bf3 Ng7 20. f6 Ne6 21. Kh2 Qa8 22. cxb5
Bxb5 23. b4 Rc6 24. Rac1 Rfc8 25. Bg4 Rxc1 26. Rxc1 Rxc1 27. Nxc1 Nf4 28. Qc2
Qc6 29. Qxc6 Bxc6 30. a3 Bb5 31. Bd1 d5 32. exd5 Nxd5 33. Bc2 h6 34. h4 hxg5 35.
hxg5 Ne3 36. Bb1 Kf8 37. Kg3 Ke8 38. Ne2 Nf5+ 39. Kg4 Nd6 40. Ng1 Kd7 41. Nf3 e4
42. dxe4 d3 43. Ne5+ Ke6 44. Nxd3 Bxd3 45. Bxd3 Ke5 46. b5 Kd4 47. Bf1 Kxe4 48.
b6 Kd4 49. Bg2 1-0

[Event "Titled Tue 3rd Jan Late"]
[Site "chess.com INT"]
[Date "2025.06.03"]
[Round "5"]
[White "Hernandez Leon, Sergio"]
[Black "Firouzja, Alireza"]
[Result "0-1"]
[WhiteTitle "CM"]
[BlackTitle "GM"]
[WhiteElo "2106"]
[BlackElo "2757"]
[WhiteFideId "2285622"]
[BlackFideId "12573981"]
[EventDate "2025.06.03"]

1. e4 g6 2. d4 Bg7 3. Nc3 a6 4. f4 b5 5. Nf3 Bb7 6. Bd3 d6 7. e5 Nd7 8. a4 b4 9.
Ne4 c5 10. c3 Nh6 11. Neg5 bxc3 12. bxc3 cxd4 13. cxd4 O-O 14. O-O Bd5 15. Qe2
a5 16. Ba3 f6 17. Bc4 Bxc4 18. Qxc4+ Kh8 19. Ne6 Qc8 20. Rac1 Qxc4 21. Rxc4 Rfc8
22. Rfc1 Rxc4 23. Rxc4 Nb6 24. Rc7 Nd5 25. Rb7 fxe5 26. fxe5 dxe5 27. dxe5 Nf5
28. Nc7 Nxc7 29. Rxc7 Bf8 30. g4 Ne3 31. Bxe7 Nd5 32. Bf6+ Kg8 33. Rd7 Nb6 34.
Rb7 Nxa4 35. Ng5 h6 36. Ne6 Nc5 37. Nxc5 Bxc5+ 38. Kg2 Ra6 39. Rg7+ Kf8 40. Rc7
Bb4 41. Kf3 a4 42. Rb7 Bc3 43. Ke4 a3 44. Kd5 Ra5+ 45. Ke6 Ra6+ 46. Kd5 Rxf6 47.
exf6 a2 48. Ke6 Be5 49. Rd7 Bxf6 50. Kxf6 a1=Q+ 51. Kxg6 Qa6+ 52. Kh5 Qb5+ 53.
Rd5 Qxd5+ 0-1